| 000 | 01447cad a22002175a 4500 | ||
|---|---|---|---|
| 001 | L159647 | ||
| 008 | 120412s2015 xxkd f s 000 0 eng d | ||
| 035 | _a(Sirsi) u159647 | ||
| 041 | 0 | _aeng | |
| 110 | 2 |
_aKnight Frank _91530 |
|
| 245 | 0 | 4 |
_aThe wealth report 2015 _h[electronic resource] |
| 260 |
_aLondon _bThink Publishing _c2015 |
||
| 520 | _aReports on the Knight Frank Prime International Residential Index (PIRI) and attitudes of high net worth individuals (HNWIs) who held a portfolio in the prime residential market in 2015. Examines international commercial market opportunities. Shares the first-hand investment perspectives and experiences of Massimo Ferragamo and Goodwin Gaw. Through the partnership with WealthInsight, it offers an analysis of wealth distribution trends covering almost 100 countries and over 100 cities. Contributions from NetJets, Fragomen and Ledbury Research focus on the critical issues of global travel and connectivity, wealth migration and luxury spending trends. Databank presents statistical results of, PIRI, Global Cities and Attitudes surveys. | ||
| 590 | _aKA NTK | ||
| 651 | 4 | _aInternational | |
| 690 |
_aResidential property _96266 |
||
| 690 |
_aCommercial property _96227 |
||
| 710 | 2 |
_aCiti Private Bank _95312 |
|
| 856 | 4 | 8 |
_uhttps://content.knightfrank.com/research/83/documents/en/wealth-report-2015-2716.pdf _zView the item free of charge at www.knightfrank.com/wealthreport |
| 942 | _n0 | ||
| 999 |
_c116073 _d116073 |
||